[Event "Small Nations"]
[Site "?"]
[Date "2015.04.25"]
[Round "9.12"]
[White "Jelic, Dejan"]
[Black "Vang, Finnbjorn"]
[Result "0-1"]
[BlackElo "2084"]
[WhiteElo "1968"]
[LiveChessVersion "1.4.5"]

1. d4 {[%clk 1:28:00]} d5 {[%clk 1:30:55]} 2. c4 {[%clk 1:28:12]} e6
{[%clk 1:31:22]} 3. Nc3 {[%clk 1:28:33]} c5 {[%clk 1:31:19]} 4. cxd5
{[%clk 1:24:15]} exd5 {[%clk 1:31:47]} 5. Nf3 {[%clk 1:21:39]} Nc6
{[%clk 1:32:10]} 6. dxc5 {[%clk 1:20:30]} d4 {[%clk 1:29:10]} 7. Ne4
{[%clk 1:17:58]} Bf5 {[%clk 1:25:23]} 8. Nd6+ {[%clk 1:08:59]} Bxd6
{[%clk 1:25:41]} 9. cxd6 {[%clk 1:09:25]} Qxd6 {[%clk 1:24:30]} 10. e4
{[%clk 1:09:06]} Bxe4 {[%clk 1:23:30]} 11. Qe2 {[%clk 1:01:14]} Nf6
{[%clk 1:17:36]} 12. Nd2 {[%clk 0:56:34]} O-O {[%clk 1:17:54]} 13. Nxe4
{[%clk 0:56:32]} Nxe4 {[%clk 1:18:21]} 14. f3 {[%clk 0:55:14]} Ng3
{[%clk 1:15:42]} 15. hxg3 {[%clk 0:48:37]} Rfe8 {[%clk 1:15:45]} 16. Kf2
{[%clk 0:48:31]} Rxe2+ {[%clk 1:16:08]} 17. Bxe2 {[%clk 0:48:50]} d3
{[%clk 1:16:11]} 18. Rd1 {[%clk 0:48:56]} Qd4+ {[%clk 1:15:57]} 19. Be3
{[%clk 0:34:45]} Qxb2 {[%clk 1:16:19]} 20. Bd2 {[%clk 0:34:53]} dxe2
{[%clk 1:15:44]} 21. Kxe2 {[%clk 0:35:15]} Rd8 {[%clk 1:14:59]} 22. Ke1
{[%clk 0:34:15]} Rxd2 {[%clk 1:15:22]} 0-1

[Event "Small Nations"]
[Site "?"]
[Date "2015.04.25"]
[Round "9.17"]
[White "Pace, Colin"]
[Black "Jouault, Louis"]
[Result "1-0"]
[BlackElo "1908"]
[WhiteElo "2120"]
[LiveChessVersion "1.4.5"]

1. e4 {[%clk 1:30:56]} d5 {[%clk 1:30:54]} 2. exd5 {[%clk 1:31:06]} Nf6
{[%clk 1:31:18]} 3. d4 {[%clk 1:31:04]} Nxd5 {[%clk 1:31:40]} 4. Nf3
{[%clk 1:30:36]} g6 {[%clk 1:31:57]} 5. c4 {[%clk 1:30:39]} Nb6 {[%clk 1:32:19]}
6. a4 {[%clk 1:30:43]} a5 {[%clk 1:28:58]} 7. c5 {[%clk 1:30:41]} Nd5
{[%clk 1:29:00]} 8. Bc4 {[%clk 1:30:17]} Bg7 {[%clk 1:28:51]} 9. Qb3
{[%clk 1:28:54]} c6 {[%clk 1:24:33]} 10. Nc3 {[%clk 1:24:23]} e6 {[%clk 1:24:15]}
11. O-O {[%clk 1:21:59]} Nxc3 {[%clk 1:23:15]} 12. bxc3 {[%clk 1:21:44]} O-O
{[%clk 1:23:24]} 13. Re1 {[%clk 1:07:58]} Nd7 {[%clk 1:22:52]} 14. Bg5
{[%clk 0:59:43]} Nf6 {[%clk 1:19:31]} 15. Re2 {[%clk 0:53:06]} Qc7
{[%clk 1:19:43]} 16. Rae1 {[%clk 0:53:01]} Nd5 {[%clk 1:15:25]} 17. Bxd5
{[%clk 0:51:54]} cxd5 {[%clk 1:15:16]} 18. g3 {[%clk 0:51:44]} Bd7
{[%clk 1:12:45]} 19. Bf4 {[%clk 0:51:06]} Qc8 {[%clk 1:09:54]} 20. Rb1
{[%clk 0:49:37]} Bc6 {[%clk 1:08:52]} 21. Ne5 {[%clk 0:45:45]} Bxe5
{[%clk 1:08:11]} 22. Bxe5 {[%clk 0:45:55]} f6 {[%clk 0:54:58]} 23. Bd6
{[%clk 0:45:49]} Rf7 {[%clk 0:51:01]} 24. Rbe1 {[%clk 0:43:08]} Bd7
{[%clk 0:43:34]} 25. c4 {[%clk 0:22:39]} Qc6 {[%clk 0:42:13]} 26. Rxe6
{[%clk 0:16:56]} Bxe6 {[%clk 0:37:43]} 27. Rxe6 {[%clk 0:17:18]} dxc4
{[%clk 0:37:55]} 28. Qxc4 {[%clk 0:17:46]} Re8 {[%clk 0:38:01]} 29. d5
{[%clk 0:17:49]} Qd7 {[%clk 0:37:45]} 30. Rxe8+ {[%clk 0:15:00]} Qxe8
{[%clk 0:38:07]} 31. c6 {[%clk 0:15:18]} Qc8 {[%clk 0:33:58]} 32. Qb5
{[%clk 0:13:58]} bxc6 {[%clk 0:28:50]} 33. dxc6 {[%clk 0:14:25]} Ra7
{[%clk 0:24:53]} 34. Qc4+ {[%clk 0:13:53]} Kg7 {[%clk 0:24:47]} 35. Qc5
{[%clk 0:12:40]} Ra8 {[%clk 0:22:47]} 36. c7 {[%clk 0:12:08]} Qe8
{[%clk 0:19:16]} 37. h4 {[%clk 0:11:45]} Rc8 {[%clk 0:18:21]} 38. Qxa5
{[%clk 0:10:40]} Qc6 {[%clk 0:18:08]} 39. Bf4 {[%clk 0:10:08]} Re8
{[%clk 0:14:56]} 40. Be3 {[%clk 0:04:38]} Ra8 {[%clk 0:08:07]} 41. Qc5
{[%clk 0:01:27]} Qxc5 {[%clk 0:07:57]} 42. Bxc5 {[%clk 0:01:55]} Kf7
{[%clk 0:08:08]} 43. a5 {[%clk 0:30:23]} Ke6 {[%clk 0:38:17]} 44. Kg2
{[%clk 0:30:16]} Kd7 {[%clk 0:38:33]} 45. Bb6 {[%clk 0:30:43]} Kc6
{[%clk 0:37:42]} 46. Kf3 {[%clk 0:30:58]} f5 {[%clk 0:35:18]} 47. Kf4
{[%clk 0:30:57]} h6 {[%clk 0:27:06]} 48. h5 {[%clk 0:31:01]} gxh5
{[%clk 0:26:36]} 49. Kxf5 {[%clk 0:31:24]} Rg8 {[%clk 0:25:59]} 50. Ke6
{[%clk 0:27:46]} Kb7 {[%clk 0:25:13]} 51. Kf7 {[%clk 0:27:27]} Rg4
{[%clk 0:23:16]} 52. a6+ {[%clk 0:27:26]} Kc8 {[%clk 0:23:34]} 53. a7
{[%clk 0:27:22]} Ra4 {[%clk 0:23:47]} 54. Kg6 {[%clk 0:27:07]} h4
{[%clk 0:23:20]} 55. gxh4 {[%clk 0:27:12]} Ra6 {[%clk 0:23:02]} 56. Kh5
{[%clk 0:26:02]} Kb7 {[%clk 0:22:41]} 57. f4 {[%clk 0:26:17]} Ra2
{[%clk 0:20:20]} 58. f5 {[%clk 0:26:11]} 1-0

[Event "Small Nations"]
[Site "?"]
[Date "2015.04.25"]
[Round "9.18"]
[White "Hawes, Jonathan"]
[Black "Cilia Vincenti, David"]
[Result "0-1"]
[BlackElo "2078"]
[WhiteElo "2158"]
[LiveChessVersion "1.4.5"]

1. c4 {[%clk 1:30:57]} e6 {[%clk 1:30:50]} 2. Nc3 {[%clk 1:31:22]} f5
{[%clk 1:30:56]} 3. d4 {[%clk 1:30:23]} Nf6 {[%clk 1:31:14]} 4. g3
{[%clk 1:29:20]} d5 {[%clk 1:31:32]} 5. Bg2 {[%clk 1:26:43]} c6 {[%clk 1:31:30]}
6. Nf3 {[%clk 1:26:27]} Bd6 {[%clk 1:31:38]} 7. b3 {[%clk 1:23:44]} O-O
{[%clk 1:25:47]} 8. O-O {[%clk 1:23:27]} Nbd7 {[%clk 1:18:15]} 9. Bf4
{[%clk 1:23:08]} Bxf4 {[%clk 1:18:32]} 10. gxf4 {[%clk 1:23:31]} Ne4
{[%clk 1:18:14]} 11. Qc1 {[%clk 1:21:13]} Qe7 {[%clk 1:08:19]} 12. e3
{[%clk 1:18:13]} Qb4 {[%clk 1:01:54]} 13. Nxe4 {[%clk 1:15:58]} fxe4
{[%clk 1:01:53]} 14. Ne5 {[%clk 1:12:56]} Nxe5 {[%clk 1:02:11]} 15. fxe5
{[%clk 1:12:29]} Bd7 {[%clk 1:00:04]} 16. f3 {[%clk 1:03:52]} exf3
{[%clk 0:56:11]} 17. Rxf3 {[%clk 1:02:25]} Rxf3 {[%clk 0:55:28]} 18. Bxf3
{[%clk 1:02:35]} Rf8 {[%clk 0:55:14]} 19. Bg2 {[%clk 0:57:41]} Qe7
{[%clk 0:49:19]} 20. Qe1 {[%clk 0:57:05]} Be8 {[%clk 0:43:19]} 21. cxd5
{[%clk 0:52:44]} cxd5 {[%clk 0:41:36]} 22. Qg3 {[%clk 0:50:23]} Rf5
{[%clk 0:35:52]} 23. Rf1 {[%clk 0:49:55]} Rg5 {[%clk 0:35:08]} 24. Qf2
{[%clk 0:48:36]} Bg6 {[%clk 0:32:39]} 25. Kh1 {[%clk 0:44:12]} Rf5
{[%clk 0:30:24]} 26. Qe1 {[%clk 0:42:49]} Qg5 {[%clk 0:25:00]} 27. Rxf5
{[%clk 0:39:52]} Qxf5 {[%clk 0:23:56]} 28. Qc1 {[%clk 0:38:27]} h6
{[%clk 0:21:53]} 29. Kg1 {[%clk 0:36:35]} Qg4 {[%clk 0:20:28]} 30. Kf2
{[%clk 0:34:31]} Kh7 {[%clk 0:17:40]} 31. b4 {[%clk 0:29:49]} b5 {[%clk 0:16:34]}
32. Bf3 {[%clk 0:25:43]} Qh4+ {[%clk 0:16:42]} 33. Kg1 {[%clk 0:25:48]} Bf5
{[%clk 0:15:42]} 34. Qf1 {[%clk 0:23:22]} Bh3 {[%clk 0:11:04]} 35. Qc1
{[%clk 0:22:02]} Bf5 {[%clk 0:09:15]} 36. Qf1 {[%clk 0:20:51]} a6
{[%clk 0:09:35]} 37. Qf2 {[%clk 0:17:48]} Qg5+ {[%clk 0:09:06]} 38. Kf1
{[%clk 0:17:20]} Bh3+ {[%clk 0:06:41]} 39. Ke1 {[%clk 0:15:42]} Qe7
{[%clk 0:03:20]} 40. Qd2 {[%clk 0:13:43]} Bf5 {[%clk 0:02:56]} 41. a3
{[%clk 0:13:25]} Qc7 {[%clk 0:02:23]} 42. Be2 {[%clk 0:11:38]} Qe7
{[%clk 0:28:08]} 43. Bf1 {[%clk 0:39:56]} Qh4+ {[%clk 0:27:59]} 44. Qf2
{[%clk 0:37:49]} Qe4 {[%clk 0:28:07]} 45. Qd2 {[%clk 0:38:05]} Qb1+
{[%clk 0:27:14]} 46. Kf2 {[%clk 0:38:21]} Qb3 {[%clk 0:27:24]} 47. Qc1
{[%clk 0:36:41]} Qa2+ {[%clk 0:26:50]} 48. Kg1 {[%clk 0:36:35]} Be4
{[%clk 0:26:43]} 49. Qc3 {[%clk 0:36:05]} Qb1 {[%clk 0:26:13]} 50. Kf2
{[%clk 0:35:58]} Qd1 {[%clk 0:25:45]} 51. Kg1 {[%clk 0:31:30]} Qf3
{[%clk 0:25:18]} 0-1

[Event "Small Nations"]
[Site "?"]
[Date "2015.04.25"]
[Round "9.19"]
[White "Darmanin, Jake"]
[Black "Kahn, Tito"]
[Result "1-0"]
[BlackElo "1942"]
[WhiteElo "1984"]
[LiveChessVersion "1.4.5"]

1. e4 {[%clk 1:30:53]} g6 {[%clk 1:30:48]} 2. d4 {[%clk 1:30:34]} d6
{[%clk 1:31:08]} 3. f4 {[%clk 1:25:44]} Bg7 {[%clk 1:31:19]} 4. Nf3
{[%clk 1:23:25]} Nf6 {[%clk 1:29:37]} 5. Nc3 {[%clk 1:17:04]} O-O
{[%clk 1:29:29]} 6. Be2 {[%clk 1:11:21]} c6 {[%clk 1:28:52]} 7. O-O
{[%clk 1:07:23]} Nbd7 {[%clk 1:24:52]} 8. e5 {[%clk 0:57:55]} Nd5
{[%clk 1:15:07]} 9. Nxd5 {[%clk 0:51:48]} cxd5 {[%clk 1:15:07]} 10. exd6
{[%clk 0:50:12]} exd6 {[%clk 1:15:10]} 11. f5 {[%clk 0:42:12]} Nf6
{[%clk 1:01:15]} 12. Bd3 {[%clk 0:37:28]} Ne4 {[%clk 1:00:17]} 13. fxg6
{[%clk 0:36:48]} hxg6 {[%clk 0:59:51]} 14. c3 {[%clk 0:35:23]} Bd7
{[%clk 0:46:21]} 15. Qb3 {[%clk 0:31:58]} Bc6 {[%clk 0:45:56]} 16. Nd2
{[%clk 0:26:25]} Qd7 {[%clk 0:38:18]} 17. a4 {[%clk 0:25:17]} Qe6
{[%clk 0:14:50]} 18. Qc2 {[%clk 0:21:28]} f5 {[%clk 0:14:48]} 19. b4
{[%clk 0:17:50]} a6 {[%clk 0:14:36]} 20. Bb2 {[%clk 0:16:34]} b5 {[%clk 0:11:54]}
21. axb5 {[%clk 0:15:16]} Bxb5 {[%clk 0:11:58]} 22. Nf3 {[%clk 0:13:36]} Bh6
{[%clk 0:11:16]} 23. Rfe1 {[%clk 0:12:17]} Bc4 {[%clk 0:11:06]} 24. Ra5
{[%clk 0:10:16]} Rfe8 {[%clk 0:09:29]} 25. Bxc4 {[%clk 0:08:58]} dxc4
{[%clk 0:09:52]} 26. Bc1 {[%clk 0:09:02]} Bxc1 {[%clk 0:08:05]} 27. Qxc1
{[%clk 0:09:29]} Qf7 {[%clk 0:08:05]} 28. Rf1 {[%clk 0:07:13]} Kg7
{[%clk 0:06:43]} 29. Qa3 {[%clk 0:06:30]} Qb7 {[%clk 0:05:11]} 30. Ra1
{[%clk 0:06:32]} Rec8 {[%clk 0:04:04]} 31. b5 {[%clk 0:06:36]} Rab8
{[%clk 0:01:48]} 32. Qb4 {[%clk 0:05:49]} Kh6 {[%clk 0:01:37]} 33. Rxa6
{[%clk 0:05:05]} Qxb5 {[%clk 0:01:54]} 34. Qa3 {[%clk 0:03:26]} Qb3
{[%clk 0:01:59]} 35. Qc1+ {[%clk 0:03:45]} Kg7 {[%clk 0:02:06]} 36. Ra7+
{[%clk 0:03:10]} Kf6 {[%clk 0:02:06]} 37. Nd2 {[%clk 0:02:27]} Nxc3
{[%clk 0:01:12]} 38. Nxb3 {[%clk 0:01:56]} Ne2+ {[%clk 0:01:22]} 39. Kf2
{[%clk 0:02:18]} Nxc1 {[%clk 0:01:36]} 40. Nxc1 {[%clk 0:02:33]} Rb2+
{[%clk 0:01:42]} 41. Kf1 {[%clk 0:26:03]} Rd2 {[%clk 0:29:56]} 42. Ne2
{[%clk 0:18:58]} c3 {[%clk 0:30:09]} 43. Rc1 {[%clk 0:16:38]} c2 {[%clk 0:26:10]}
44. Ke1 {[%clk 0:16:14]} Rd3 {[%clk 0:26:05]} 45. Ra6 {[%clk 0:13:01]} Ke7
{[%clk 0:22:11]} 46. Ra2 {[%clk 0:13:11]} g5 {[%clk 0:20:40]} 47. Raxc2
{[%clk 0:12:43]} Rh8 {[%clk 0:21:05]} 48. Rc7+ {[%clk 0:10:11]} Ke6
{[%clk 0:21:18]} 49. h3 {[%clk 0:10:16]} Re3 {[%clk 0:21:05]} 50. Kf2
{[%clk 0:10:06]} f4 {[%clk 0:21:24]} 51. R1c3 {[%clk 0:09:34]} Kd5 1-0